[Event "New Delhi Parsvnath op-C 17th"]
[Site "New Delhi"]
[Date "2019.01.15"]
[Round "6.7"]
[White "Hadkar, Sanman"]
[Black "Anukarssa, Dutta"]
[Result "1/2-1/2"]
[WhiteElo "1451"]
[BlackElo "1334"]
[PlyCount "83"]
[EventDate "2019.01.13"]
[EventType "swiss"]
[EventRounds "10"]
[EventCountry "IND"]
[SourceTitle "EXT 2024"]
[Source "ChessBase"]
[SourceDate "2023.10.10"]
[SourceVersion "1"]
[SourceVersionDate "2023.10.10"]
[SourceQuality "1"]

1. e4 e5 2. Nf3 Nc6 3. Bb5 a6 4. Ba4 Nf6 5. 0-0 Be7 6. Re1 b5 7. Bb3 0-0 8. d4 exd4 9. e5 Ne8 10. Nxd4 Nxd4 11. Qxd4 c5 12. Qe4 Nc7 13. c4 bxc4 14. Bc2 g6 15. Be3 d5 16. exd6 Bxd6 17. Qxc4 Be6 18. Qe2 Re8 19. Nc3 Qh4 20. g3 Qb4 21. Ba4 Nb5 22. Nxb5 axb5 23. Bxb5 Reb8 24. a4 Ra7 25. Qd3 Be5 26. Rad1 Bb3 27. Bd2 c4 28. Bxb4 cxd3 29. Rxd3 Bxa4 30. Bxa4 Rxb4 31. Rxe5 Rbxa4 32. Rb5 Rc4 33. b4 Ra1+ 34. Kg2 Rb1 35. Rb8+ Kg7 36. b5 Rc5 37. b6 Rc6 38. b7 Rc7 39. Rdd8 Rbxb7 40. Rxb7 Rxb7 41. Rd5 Kf6 42. h4 1/2-1/2